| 000 | 01333nam a22003737a 4500 | ||
|---|---|---|---|
| 003 | CHAP | ||
| 005 | 20220329135220.0 | ||
| 008 | 971013s1964 r 00010 d | ||
| 010 | _a32753 | ||
| 011 | _a33725 | ||
| 035 | _a37841 | ||
| 040 | _cCHAP | ||
| 090 | _aTesis | ||
| 100 | 0 | 0 |
_aElías Barragán, Luis Alberto. _936411 |
| 245 | _aObservaciones sobre la biología de Lygus lineolaris (P. de B.) y Creontiades Spp. (Hemiptera-Miridae) y daños que causan al algodonero en el Valle del Yaqui, Son. | ||
| 260 |
_aChapingo, Méx. : _bEl autor, _c1964 |
||
| 300 |
_a68 p. _b: ilus. |
||
| 502 | _aTesis (Ing. Agr. Esp. en Parasitología Agrícola) -- ENA. | ||
| 590 |
_aALEPH _b10 _c20130110 _lUCH01 _h1256 |
||
| 590 |
_aBATCH-UPD _b10 _c20130110 _lUCH01 _h0245 |
||
| 590 |
_aBATCH-UPD _b10 _c20130110 _lUCH01 _h1625 |
||
| 590 |
_aBATCH-UPD _b10 _c20130409 _lUCH01 _h2314 |
||
| 590 |
_aBATCH-UPD _b10 _c20130410 _lUCH01 _h1423 |
||
| 590 |
_aBATCH-UPD _b10 _c20130914 _lUCH01 _h0315 |
||
| 590 |
_aBATCH-UPD _b10 _c20130914 _lUCH01 _h2108 |
||
| 590 |
_aCONVERSION _b10 _c20130109 _lUCH01 _h1318 |
||
| 650 | 1 | 4 |
_aAlgodón _xPlagas. _94046 |
| 650 | 1 | 4 |
_aCreontiades. _928892 |
| 650 | 1 | 4 |
_aLygus lineolaris. _969263 |
| 901 | _aBK | ||
| 942 | _cFOLL | ||
| 949 |
_bBC _cTES _d-86659 _eTS1 _i37841 _si |
||
| 949 |
_bBC _cTES _d-86660 _eTS2 _fc.2 _i37841 _si |
||
| 999 |
_c32753 _d32753 |
||